We Used to Wait (Record no. 32261)

MARC details
000 -LEADER
fixed length control field 00440nam a2200133Ia 4500
008 - FIXED-LENGTH DATA ELEMENTS--GENERAL INFORMATION
fixed length control field 220620s9999||||xx |||||||||||||| ||und||
020 ## - INTERNATIONAL STANDARD BOOK NUMBER
International Standard Book Number 9780260000000
100 ## - MAIN ENTRY--PERSONAL NAME
Personal name Kinskey, Rebecca
245 #0 - TITLE STATEMENT
Title We Used to Wait
Remainder of title Music Videos and Creative Literacy
546 ## - LANGUAGE NOTE
Language note English[eng]
650 ## - SUBJECT ADDED ENTRY--TOPICAL TERM
Topical term or geographic name entry element Media studies||Educational equipment and technology, computer-aided learning (CAL)
856 ## - ELECTRONIC LOCATION AND ACCESS
Uniform Resource Identifier <a href="http://mitpress.mit.edu/9780262526920">http://mitpress.mit.edu/9780262526920</a>
942 ## - ADDED ENTRY ELEMENTS (KOHA)
Koha item type E-Books
Holdings
Withdrawn status Lost status Damaged status Not for loan Home library Current library Date acquired Total Checkouts Date last seen Price effective from Koha item type
        Kerala University of Digital Sciences, Innovation and Technology Knowledge Centre Kerala University of Digital Sciences, Innovation and Technology Knowledge Centre 20/06/2022   20/06/2022 20/06/2022 E-Books